000 00334nam a2200145 a 4500
008 150514s2000|||| d
245 1 0 _aV božej blízkosti
250 _a1. vydanie
260 _bMSEJK
_aBratislava
_c2000
300 _a365s.
020 _a978-3-86698-048-8
_c0
041 _aslo
044 _axo
_cSK
958 _aAPR
999 _c20843
_d20843